[Event "Puhajarve rap op 11th"]
[Site "Harjumaa"]
[Date "2010.11.28"]
[Round "28"]
[White "Siemer, Tambet"]
[Black "Kulaots, Kaido"]
[Result "1/2-1/2"]
[WhiteElo "2046"]
[BlackElo "2580"]
[PlyCount "33"]
[EventDate "2010.11.26"]
[EventType "tourn (rapid)"]
[EventRounds "31"]
[EventCountry "EST"]
[SourceTitle "CBM 139 Extra"]
[Source "ChessBase"]
[SourceDate "2011.01.05"]
[SourceVersion "1"]
[SourceVersionDate "2011.01.05"]
[SourceQuality "1"]

1. d4 Nf6 2. c4 g6 3. Nc3 d5 4. Nf3 Bg7 5. Bf4 0-0 6. e3 c5 7. dxc5 Qa5 8. Qb3 Ne4 9. Rc1 Nd7 10. cxd5 Ndxc5 11. Qc4 Bd7 12. b4 Qa3 13. Nb1 Qa4 14. Nc3 Qa3 15. Nb1 Qb2 16. bxc5 Qxf2+ 17. Kd1 1/2-1/2

[Event "Puhajarve rap op 11th"]
[Site "Harjumaa"]
[Date "2010.11.27"]
[Round "17"]
[White "Kanep, Meelis"]
[Black "Siemer, Tambet"]
[Result "1/2-1/2"]
[WhiteElo "2537"]
[BlackElo "2046"]
[PlyCount "104"]
[EventDate "2010.11.26"]
[EventType "tourn (rapid)"]
[EventRounds "31"]
[EventCountry "EST"]
[SourceTitle "CBM 139 Extra"]
[Source "ChessBase"]
[SourceDate "2011.01.05"]
[SourceVersion "1"]
[SourceVersionDate "2011.01.05"]
[SourceQuality "1"]

1. d4 d5 2. c4 e6 3. Nc3 Nf6 4. Bg5 Be7 5. Nf3 0-0 6. e3 a6 7. Qc2 dxc4 8. Bxc4 c5 9. dxc5 Qa5 10. 0-0 Qxc5 11. Bd3 h6 12. Bh4 Nc6 13. Rac1 Nb4 14. Qe2 Nxd3 15. Qxd3 Rd8 16. Qe2 Qh5 17. Ne4 Nxe4 18. Bxe7 Re8 19. Ba3 Ng5 20. Nd4 Qxe2 21. Nxe2 Bd7 22. Rfd1 Bc6 23. f3 e5 24. Bc5 Rad8 25. Bb6 Rxd1+ 26. Rxd1 Rc8 27. Nc3 Ne6 28. Kf2 Kf8 29. a4 Ke8 30. Rd2 Ke7 31. e4 h5 32. b4 Ke8 33. g3 Bd7 34. Rd3 Nd4 35. a5 Ne6 36. Ke3 Rc4 37. Nd5 Bc6 38. Kd2 Bxd5 39. exd5 Nd4 40. Bxd4 exd4 41. Rb3 Kd7 42. Kd3 Rc1 43. Kxd4 Kd6 44. Rd3 g6 45. Ke4 Rc2 46. h4 Re2+ 47. Kf4 Re5 48. g4 f6 49. Rd2 hxg4 50. fxg4 g5+ 51. hxg5 fxg5+ 52. Kf3 Rxd5 1/2-1/2

[Event "EST-chT 21st"]
[Site "Tallinn"]
[Date "2006.03.23"]
[Round "1"]
[White "Siemer, Tambet"]
[Black "Rauk, Tonu"]
[Result "1/2-1/2"]
[WhiteElo "2171"]
[BlackElo "2200"]
[PlyCount "124"]
[EventDate "2006.03.23"]
[EventType "team"]
[EventRounds "7"]
[EventCountry "EST"]
[SourceTitle "EXT 2007"]
[Source "ChessBase"]
[SourceDate "2006.11.23"]
[SourceVersion "1"]
[SourceVersionDate "2006.11.23"]
[SourceQuality "1"]
[WhiteTeam "Saaremaa MK"]
[BlackTeam "Kadrioru MK"]
[WhiteTeamCountry "EST"]
[BlackTeamCountry "EST"]

1. d4 Nf6 2. c4 e6 3. Nf3 b6 4. Bg5 Bb7 5. Nc3 d5 6. e3 Be7 7. cxd5 exd5 8. Bd3 0-0 9. Rc1 c5 10. 0-0 Nbd7 11. Ne2 Ne4 12. Bxe7 Qxe7 13. Nf4 Rfd8 14. Qe2 Rac8 15. Ba6 Nf8 16. Bxb7 Qxb7 17. Rfd1 Ne6 18. Nxe6 fxe6 19. Ne5 Nd6 20. Qg4 Qe7 21. h4 Nf7 22. Nd3 e5 23. dxc5 bxc5 24. b4 c4 25. Nc5 Rb8 26. a3 a5 27. Qe6 Qxe6 28. Nxe6 Rd6 29. Nc7 axb4 30. axb4 Rxb4 31. Nxd5 Rb5 32. e4 Rc5 33. Rc3 Rh6 34. g3 Nd6 35. Ne3 Nxe4 36. Rxc4 Rxc4 37. Nxc4 Rf6 38. Nxe5 h6 39. Rd8+ Kh7 40. Ng4 Rg6 41. Ne3 Rf6 42. Nd1 Rf7 43. Kg2 Ra7 44. Rd4 Nf6 45. Ne3 Ra5 46. g4 Kg6 47. f3 Kf7 48. Kg3 Ra3 49. Nf5 Ra5 50. Rb4 Rd5 51. Rb7+ Rd7 52. Rb8 Rd5 53. Kf4 Rd7 54. g5 Nd5+ 55. Ke5 Ne7 56. Nd6+ Kg6 57. Ke6 Nc6 58. Re8 Rd8 59. gxh6 Rxe8+ 60. Nxe8 Kxh6 61. f4 Nd4+ 62. Kf7 Nf5 1/2-1/2

[Event "EST-ch prel"]
[Site "Tallinn"]
[Date "2004.??.??"]
[Round "?"]
[White "Tsiganova, Monika"]
[Black "Siemer, Tambet"]
[Result "1-0"]
[WhiteElo "2289"]
[BlackElo "2143"]
[PlyCount "99"]
[EventDate "2004.??.??"]
[EventType "swiss"]
[EventRounds "4"]
[EventCountry "EST"]
[SourceTitle "EXT 2018"]
[Source "ChessBase"]
[SourceDate "2017.10.13"]
[SourceVersion "1"]
[SourceVersionDate "2017.10.13"]
[SourceQuality "1"]

1. d4 Nf6 2. c4 e6 3. Nc3 d5 4. cxd5 exd5 5. Bg5 Nbd7 6. e3 Be7 7. Bd3 0-0 8. Qc2 c6 9. Nge2 Re8 10. 0-0 h6 11. Bf4 Nh5 12. Nxd5 Nxf4 13. Nxe7+ Qxe7 14. Nxf4 Nf6 15. a3 Bg4 16. h3 Bd7 17. Rac1 g5 18. Ne2 Nh5 19. Qc5 Qf6 20. Bb1 Rad8 21. Qc2 Bc8 22. Qh7+ Kf8 23. Nc3 g4 24. Ne4 Rxe4 25. Bxe4 gxh3 26. Rc5 hxg2 27. Rfc1 Ng7 28. Kxg2 Ke7 29. Rh1 h5 30. Re5+ Be6 31. f4 Kd6 32. Rg5 Ne8 33. Rhxh5 Kc7 34. Bf3 Nd6 35. Kf2 Nc4 36. Rh6 Qe7 37. Qc2 Bd5 38. e4 Be6 39. Qc3 Kb8 40. Rc5 Nb6 41. Ra5 Nc4 42. Rc5 Nb6 43. b3 f5 44. Re5 Qxa3 45. Rhxe6 Qa2+ 46. Be2 fxe4 47. Re8 Rxe8 48. Rxe8+ Kc7 49. Re7+ Kc8 50. Qh3+ 1-0